000 01457cam a22003974i 4500
003 PE-LiUPU
005 20250731175633.0
008 150625s r 000 0 d
020 _a9603797243
035 _a(Sirsi) i9789603797241
040 _aPE-LiUPU
_bspa
_cPE-LiUPU
_erda
049 _aPRUA
082 0 4 _a428.07
_bGR
_221
100 1 _aMitchell, H. Q.,
_eautor.
245 1 4 _aThe happy prince :
_bactivity Book /
_cH. Q. Mitchell.
264 1 _aGreat Britain :
_bMM Publications,
_c2001.
300 _a46 páginas :
_bilustraciones, color ;
_c21 centímetros
336 _atext
_2rdacontent
337 _aunmediated
_2rdamedia
338 _avolume
_2rdacarrier
505 0 _aChapter 1 to chapter 12. -Exercises on the whole whole story. -Glossary.
526 _aP145
526 _aP127
526 _aP97
526 _aP35
526 _aP14
526 _aP07
541 _g001-0000524;
650 0 4 _aInglés
_vLecturas.
650 0 4 _aInglés
_xEstudio y enseñanza.
942 _2ddc
_cBOOK
949 _a428.07 GR 1AB
_wDEWEY
_c1
_i58370
_lCCODEBUL1
_mBUL
_r0
_sY
_tBOOK
_u2015-6-25
_xFCE
_zAGB
_0COMPRA
_o.STAFF. Colección General
994 _aC0
_bPEPRU
596 _a1
999 _a428.07 GR 1AB
_wDEWEY
_c47307
_i58370
_f2021-11-8
_g6
_lCCODEBUL1
_mBUL
_r0
_sN
_tBOOK
_u2015-6-25
_xEDUCACION
_zAGB
_0COMPRA
_o.STAFF. Colección General
_d47307
980 _81
_gALBERTO SANCHEZ Responsable de Automatización